|
|
|
|
| LEADER |
00000nam0a2200000 4500 |
| 001 |
24546 |
| 005 |
20241015162805.0 |
| 035 |
|
|
|a (RuTPU)RU\TPU\book\24775
|
| 035 |
|
|
|a BOOK00002540
|
| 090 |
|
|
|a 24546
|
| 100 |
|
|
|a 20011209d1995 k y0rusy50 ca
|
| 101 |
0 |
|
|a rus
|
| 102 |
|
|
|a RU
|
| 105 |
|
|
|a y z 000zy
|
| 200 |
1 |
|
|a Рекомендации по основным вопросам воздухоохранной деятельности (нормирование выбросов, установление нормативов ПДВ, контроль за соблюдением нормативов выбросов, выдача разрешения на выброс
|f Министерство охраны окружающей среды и природных ресурсов РФ
|
| 210 |
|
|
|a Москва
|d 1995
|
| 215 |
|
|
|a 57 с.
|
| 610 |
1 |
|
|a атмосферный воздух
|
| 610 |
1 |
|
|a охрана
|
| 610 |
1 |
|
|a выбросы
|
| 610 |
1 |
|
|a нормирование
|
| 610 |
1 |
|
|a выбросы
|
| 610 |
1 |
|
|a загрязнение атмосферы
|
| 610 |
1 |
|
|a предельно-допустимые концентрации
|
| 610 |
1 |
|
|a ПДК
|
| 610 |
1 |
|
|a рекомендации
|
| 610 |
1 |
|
|a нормативы
|
| 675 |
|
|
|a 628.52/.53
|v 3
|
| 712 |
0 |
1 |
|a Российская Федерация
|b Министерство охраны окружающей среды и природных ресурсов
|7 ca
|8 rus
|c (1992-1996)
|2 stltpush
|3 (RuTPU)RU\TPU\col\9287
|9 24674
|
| 801 |
|
0 |
|a RU
|b 63413507
|c 20011209
|g PSBO
|
| 801 |
|
2 |
|a RU
|b 63413507
|c 20090331
|g PSBO
|
| 942 |
|
|
|c BK
|